00663nam a2200205 a 450000100100000000500170001000800410002702000180006804000250008608200150011110000230012624500850014925000110023426000310024530000210027649000250029750000760032270000340039883000250043200004142220201002034857.0131003s1994 sp 000 0 spa d a9788426412386 aDO-SdBNPbspacBNPHU axxxxbxxxx1 aEco, Umbertod193213aLa isla del día de antes /cUmberto Eco ; traducción Helena Lozano Miralles. a3a ed. aBarcelona :bLumen,c1994. a422 p. ;c23 cm.1 aPalabra en el tiempo aIncluye datos biográficos del autor en la solapa de la contracubierta1 aLozano Miralles, Helena,etr. 0aPalabra en el tiempo